UBT Library

Morning glories : (Record no. 38924)

000 -LEADER
fixed length control field 00770cam a22002294a 4500
001 - CONTROL NUMBER
control field 11907151
005 - DATE AND TIME OF LATEST TRANSACTION
control field 20171214045141.0
008 - FIXED-LENGTH DATA ELEMENTS--GENERAL INFORMATION
fixed length control field 000209s2000 nyu 001 0 eng
010 ## - LIBRARY OF CONGRESS CONTROL NUMBER
LC control number 00023030
020 ## - INTERNATIONAL STANDARD BOOK NUMBER
International Standard Book Number 0312252242
040 ## - CATALOGING SOURCE
Original cataloging agency DLC
Transcribing agency DLC
Modifying agency DLC
041 ## - LANGUAGE CODE
Language code of text/sound track or separate title eng
042 ## - AUTHENTICATION CODE
Authentication code pcc
080 ## - UNIVERSAL DECIMAL CLASSIFICATION NUMBER
Universal Decimal Classification number 641.657 BAR
082 00 - DEWEY DECIMAL CLASSIFICATION NUMBER
Classification number 641.657 BAR
100 1# - Rafti
Rafti 10
101 ## - Shkurtesa
Shkurtesa MJE
245 10 - TITLE STATEMENT
Title Morning glories :
Statement of responsibility, etc Sharon Kebschull Barrett.
906 ## - LOCAL DATA ELEMENT F, LDF (RLIN)
a 7
b cbc
c orignew
d 1
e ocip
f 20
g y-gencatlg
942 ## - ADDED ENTRY ELEMENTS (KOHA)
Source of classification or shelving scheme
Item type Books
Holdings
Withdrawn status Lost status Source of classification or shelving scheme Damaged status Not for loan Permanent location Current location Date acquired Total Checkouts Full call number Barcode Date last seen Price effective from Koha item type
          UBT - Lipjan UBT - Lipjan 12/14/2017   641.657 BAR 002-2939043 12/14/2017 12/14/2017 Books
UBT Library © 2015-2024. All rights reserved University Education for Business and Technology